00553nam a2200193 a 450000100060000000300090000600800410001502000150005604000280007108200180009910000270011724500660014426000410021030000150025149000270026665000220029365000220031565000220033718940CO-ViMGA141112s2004 ck r 000 u spa d a8449305683 aCO-ViMGAbspacCO-ViMGA04a790.1922 K7151 aKranowitz, Carol Stock10a101 actividades para entretener a tu hijo en lugares cerrados aBarcelona : bGedisa Editorial; 1998 a193 p. il. aGuía para padres; 3714aJUEGOS DIDACTICOS14aJUEGOS EDUCATIVOS14aJUEGOS INFANTILES